LEADER 00784nam a2200205 i 4500 001 000000176446 003 CaOOAMICUS 005 20081205000000.0 008 081205s1923 it u000 u mul u 013 $a153935 040 $aSeMil$bita 245 10$aIsthmiques et fragments. 300 $a257 p. 490 0 $aCollection des Universités de France 700 0 $aPindarus,$d.$0(OLS)http://semarc/name/6172 773 0 $aPindarus $tPindare.$dParis : Les Belles Lettres, 1922-1923.$gTome4$w()20445 830 0$aCollection des Universités de France.$0(OLS)http://semarc/title/6036 850 $aSeMil 852 $aSeMil$W1$xVenegono$y1$m1Z VI 12$j237495$B127268$CSeMilBibl$Z2$F137697 $81 996 $6245$aIsthmiques et fragments$9(OLS)http://semarc/title/253262 LEADER 01319nam a2200265 i 4500 001 000000057903 003 CaOOAMICUS 005 20230926111559.0 008 060714s1986 it u000 u ita u 013 $a29075 040 $aSeMil$bita 100 1 $aLischetti, Angela.$0(OLS)http://semarc/name/29517 245 10$aIstituzioni Ecclesiastiche e vita religiosa in una Pieve Ambrosiana in età borromaica /$cCandidata : Angela Lischetti ; relatore : Ch.mo Prof. Attilio Agnoletto. 260 $a[S.l. :$bs.n.],$c1986. 300 $a296 c. ;$c30 cm. 500 $aContiene : Appendice ; Bibliografia ; Fonti manoscritte. - In testa al front : Università degli Studi di Milano. - Ai pie' del front : Anno Accademico 1985-86. 650 4$aBesozzo.$0(OLS)http://semarc/subject/10418 650 4$aBrebbia.$0(OLS)http://semarc/subject/10025 650 4$aTesi di laurea.$0(OLS)http://semarc/subject/1690 700 1 $aAgnoletto, Attilio,$d<1926-2006>.$0(OLS)http://semarc/name/4041 850 $aSeMil 852 $aSeMil$W1$xVenegono$y1$m4X I 40$j24057$B24057$CSeMilBibl$Z2$F24059 $8L 996 $6245$aIstituzioni Ecclesiastiche e vita religiosa in una Pieve Ambrosiana in età borromaica$9(OLS)http://semarc/title/90155 996 $6260$a[S.l. :$bs.n.]$9(OLS)http://semarc/publisher/29751